[Event "IV Torneo Hotel Petra"]
[Site "Roma ITA"]
[Date "2005.09.05"]
[Round "2"]
[White "Vazquez Igarza, Renier"]
[Black "Mazzilli, Piero"]
[Result "1-0"]
[WhiteElo "2496"]
[BlackElo "2341"]
[PlyCount "105"]
[EventDate "2005.09.03"]

1. d4 d5 2. c4 e6 3. Nc3 c6 4. Nf3 dxc4 5. g3 b5 6. Bg2 Bb7 7. Ne5 Qc7 8. a4 a6
9. Bf4 Bd6 10. Ne4 Bb4+ 11. Kf1 Qe7 12. b3 f6 13. Nf3 cxb3 14. Qxb3 Nd7 15. Ne1
e5 16. Nd3 Bd6 17. Nxd6+ Qxd6 18. dxe5 fxe5 19. Nxe5 Nxe5 20. Qc3 Nf6 21. Bxe5
Qe6 22. axb5 axb5 23. Rxa8+ Bxa8 24. Qa3 Kf7 25. Bxf6 Qxf6 26. Bf3 Bb7 27. Kg2
Ra8 28. Qb3+ Qe6 29. Qb1 Kg8 30. Rc1 Qe7 31. h4 b4 32. Qf5 Rb8 33. h5 Qf8 34.
Qe5 b3 35. h6 Re8 36. Qc3 Qf7 37. Rb1 c5 38. Rxb3 Bxf3+ 39. exf3 gxh6 40. Rb6
Rc8 41. Rxh6 Qg7 42. Qc4+ Kh8 43. Rh5 Qd4 44. Qe6 Rf8 45. Qe7 Qg7 46. Qxc5 Rf7
47. Re5 Qf6 48. f4 Rf8 49. Qd5 Rg8 50. Qe4 Qg6 51. f5 Qg5 52. Re7 Qf6 53. Qe6
1-0

[Event "IV Torneo Hotel Petra"]
[Site "Roma ITA"]
[Date "2005.09.06"]
[Round "3"]
[White "Corvi, Marco"]
[Black "Sibilio, Mario"]
[Result "1/2-1/2"]
[WhiteElo "2317"]
[BlackElo "2380"]
[PlyCount "36"]
[EventDate "2005.09.03"]

1. c4 g6 2. Nc3 Bg7 3. g3 Nf6 4. Bg2 O-O 5. e4 d6 6. Nge2 Nc6 7. O-O a6 8. d3
Rb8 9. a4 Nb4 10. h3 c5 11. Be3 Nd7 12. f4 e6 13. Qd2 b6 14. Na2 Nc6 15. Rab1
Bb7 16. g4 Nd4 17. Nac3 f5 18. Bf2 Qe7 1/2-1/2

[Event "IV Torneo Hotel Petra"]
[Site "Roma ITA"]
[Date "2005.09.06"]
[Round "3"]
[White "Mazzilli, Piero"]
[Black "Miladinovic, Igor"]
[Result "1/2-1/2"]
[WhiteElo "2341"]
[BlackElo "2609"]
[PlyCount "65"]
[EventDate "2005.09.03"]

1. d4 d5 2. c4 Nc6 3. Nc3 Nf6 4. Nf3 dxc4 5. e4 Bg4 6. Be3 e6 7. Bxc4 Bb4 8.
Qc2 O-O 9. O-O-O Bxc3 10. bxc3 Qe7 11. h3 Bh5 12. Bd3 Bxf3 13. gxf3 e5 14. Rhg1
Kh8 15. h4 Nd7 16. h5 h6 17. Qb2 Nf6 18. Rg2 Nxh5 19. Rh1 Nf4 20. Bxf4 exf4 21.
Qd2 f5 22. exf5 Rad8 23. Rg6 Rd6 24. Re1 Qd8 25. Rxd6 Qxd6 26. Re6 Qa3+ 27. Kb1
Nd8 28. Rg6 Qa4 29. Kb2 Rxf5 30. Bxf5 Qb5+ 31. Kc2 Qxf5+ 32. Qd3 Qf7 33. Kb2
1/2-1/2

[Event "IV Torneo Hotel Petra"]
[Site "Roma ITA"]
[Date "2005.09.06"]
[Round "3"]
[White "Piscopo, Pierluigi"]
[Black "Martorelli, Antonio"]
[Result "0-1"]
[WhiteElo "2389"]
[BlackElo "2277"]
[PlyCount "98"]
[EventDate "2005.09.03"]

1. d4 d5 2. Nc3 Nf6 3. Bg5 Nbd7 4. e3 c6 5. f4 h6 6. Bxf6 Nxf6 7. Bd3 Qa5 8.
Nf3 g5 9. Ne5 gxf4 10. exf4 Qb4 11. Qd2 Qxd4 12. O-O-O Qb4 13. Kb1 Nd7 14. a3
Qa5 15. Qe2 Qc7 16. Nxf7 Kxf7 17. Qh5+ Kg8 18. Nxd5 cxd5 19. Qxd5+ Kg7 20. Bc4
e6 21. Qd4+ Nf6 22. g4 Bc5 23. Qc3 Qxf4 24. Rhf1 Qg5 25. h4 Qxh4 26. g5 Qxg5
27. Rd3 e5 28. Rg3 Bg4 29. Be6 Ne4 30. Rf7+ Kg6 31. Qd3 Bxe6 32. Rff3 Bf5 33.
Rxg5+ hxg5 34. Rxf5 Kxf5 35. Qf3+ Ke6 36. Qxe4 Rag8 37. c4 Bd4 38. Qd5+ Kf6 39.
Qf3+ Kg6 40. Qd3+ Kg7 41. Qf3 Rh2 42. Qxb7+ Kh8 43. Qe7 Rh6 44. Qb7 g4 45. Qg2
g3 46. b4 Rh4 47. Qc6 e4 48. Qd7 e3 49. Qe7 Rh2 0-1

[Event "IV Torneo Hotel Petra"]
[Site "Roma ITA"]
[Date "2005.09.06"]
[Round "3"]
[White "Romanishin, Oleg M."]
[Black "Ramondino, Renzo"]
[Result "1/2-1/2"]
[WhiteElo "2570"]
[BlackElo "2274"]
[PlyCount "96"]
[EventDate "2005.09.03"]

1. d4 Nf6 2. Nf3 g6 3. g3 Bg7 4. Bg2 O-O 5. c4 d6 6. O-O Nbd7 7. d5 Nb6 8. Nbd2
e6 9. dxe6 Bxe6 10. Nd4 Bc8 11. a4 a5 12. Rb1 Re8 13. b3 Nbd7 14. Bb2 Nc5 15.
Qc2 c6 16. h3 Bd7 17. Rbd1 Qc8 18. Kh2 Qc7 19. e3 h5 20. N2f3 Nfe4 21. Ba1 Rab8
22. Ne2 Nf6 23. Bd4 Ne6 24. Bc3 Nc5 25. Qb2 Nce4 26. Bd4 c5 27. Bxf6 Bxf6 28.
Qc1 g5 29. Nd2 Bc6 30. Nxe4 Bxe4 31. Bxe4 Rxe4 32. Rd5 Qe7 33. Nc3 Bxc3 34.
Qxc3 b6 35. Qd3 Rd8 36. Rxg5+ Qxg5 37. Qxe4 d5 38. cxd5 Qxd5 39. Qf4 Re8 40.
Qc4 Qf3 41. Qd3 Re4 42. h4 Rb4 43. Kg1 Rd4 44. Qa6 Rb4 45. Qd3 Rd4 46. Qc2 Rxh4
47. gxh4 Qg4+ 48. Kh2 Qxh4+ 1/2-1/2

[Event "IV Torneo Hotel Petra"]
[Site "Roma ITA"]
[Date "2005.09.07"]
[Round "4"]
[White "Martorelli, Antonio"]
[Black "Ramondino, Renzo"]
[Result "0-1"]
[WhiteElo "2277"]
[BlackElo "2274"]
[PlyCount "60"]
[EventDate "2005.09.03"]

1. e4 c5 2. Nf3 d6 3. d4 cxd4 4. Qxd4 a6 5. c4 Nc6 6. Qd2 Nf6 7. Nc3 e6 8. Be2
Be7 9. O-O O-O 10. b3 Qc7 11. Bb2 b6 12. Rac1 Nb8 13. Nd4 Bb7 14. Bd3 Nbd7 15.
Bb1 Rfe8 16. f4 Bf8 17. Nf3 Rad8 18. Qe2 g6 19. e5 Nh5 20. Ng5 dxe5 21. fxe5
Nxe5 22. Nxh7 Bc5+ 23. Kh1 Rd2 24. Qxd2 Ng4 25. Nf6+ Nhxf6 26. Qf4 Bd6 27. Qg5
Ba3 28. Qh4 Bxb2 29. Rxf6 Nxf6 30. Rc2 Kg7 0-1

[Event "IV Torneo Hotel Petra"]
[Site "Roma ITA"]
[Date "2005.09.07"]
[Round "4"]
[White "Miladinovic, Igor"]
[Black "Farago, Ivan"]
[Result "1/2-1/2"]
[WhiteElo "2609"]
[BlackElo "2499"]
[PlyCount "110"]
[EventDate "2005.09.03"]

1. d4 e6 2. e4 d5 3. Nc3 dxe4 4. Nxe4 Nd7 5. Nf3 Ngf6 6. Nxf6+ Nxf6 7. Bd3 c5
8. dxc5 Bxc5 9. Qe2 O-O 10. Bg5 Qc7 11. Bxf6 gxf6 12. O-O-O Qf4+ 13. Kb1 b6 14.
g3 Qh6 15. Be4 Rb8 16. Nd4 Bb7 17. Bxb7 Rxb7 18. f4 Rd7 19. Nb3 Rfd8 20. Rxd7
Rxd7 21. a4 Bf8 22. f5 exf5 23. Qb5 Rd8 24. Qxf5 Qg6 25. Qf3 Rc8 26. Qe2 f5 27.
Rf1 Qg4 28. Qb5 Rc4 29. Rxf5 Qe4 30. Rf2 Qe1+ 31. Nc1 Qxf2 32. Qxc4 Qxh2 33.
Ne2 Qh1+ 34. Ka2 Qf3 35. g4 h5 36. gxh5 Qxh5 37. Nc3 Qc5 38. Qe4 Qb4 39. Qxb4
Bxb4 40. Nd5 Bd6 41. Kb3 f5 42. Kc4 Kf7 43. Kb5 Ke6 44. Kc6 f4 45. Nc3 Be5 46.
Nd1 Bd4 47. Kb7 f3 48. Kxa7 b5+ 49. Ka6 bxa4 50. Kb5 Bxb2 51. Kxa4 Bd4 52. Kb3
Kd5 53. c3 Bc5 54. Kc2 f2 55. Nxf2 Bxf2 1/2-1/2

[Event "IV Torneo Hotel Petra"]
[Site "Roma ITA"]
[Date "2005.09.07"]
[Round "4"]
[White "Piscopo, Pierluigi"]
[Black "Mazzilli, Piero"]
[Result "1/2-1/2"]
[WhiteElo "2389"]
[BlackElo "2341"]
[PlyCount "42"]
[EventDate "2005.09.03"]

1. e4 c5 2. Nc3 d6 3. g3 g6 4. Nge2 Bg7 5. Bg2 Nc6 6. O-O e6 7. d3 Nge7 8. Bg5
h6 9. Be3 Nd4 10. Qd2 Nxe2+ 11. Qxe2 O-O 12. Qd2 Kh7 13. Rab1 Nc6 14. a3 Nd4
15. Ne2 Nxe2+ 16. Qxe2 Rb8 17. b4 Qc7 18. bxc5 dxc5 19. f4 Bd4 20. e5 Bxe3+ 21.
Qxe3 b6 1/2-1/2

[Event "IV Torneo Hotel Petra"]
[Site "Roma ITA"]
[Date "2005.09.07"]
[Round "4"]
[White "Sibilio, Mario"]
[Black "Romanishin, Oleg M."]
[Result "0-1"]
[WhiteElo "2380"]
[BlackElo "2570"]
[PlyCount "70"]
[EventDate "2005.09.03"]

1. e4 c5 2. Nf3 e6 3. b3 Nc6 4. Bb5 Qf6 5. c3 Ne5 6. Be2 Ne7 7. d4 Nxf3+ 8.
Bxf3 cxd4 9. cxd4 Nc6 10. Bb2 Bb4+ 11. Kf1 O-O 12. a3 Ba5 13. Nd2 d5 14. e5 Qe7
15. b4 Bb6 16. Nb3 Bd7 17. Qd2 Rfc8 18. h4 Qe8 19. g3 Ne7 20. Nc5 Bxc5 21. dxc5
a5 22. h5 h6 23. g4 axb4 24. axb4 Rxa1+ 25. Bxa1 Ra8 26. Bd4 Bb5+ 27. Kg2 Ra3
28. Rh3 Nc6 29. Bb2 Rd3 30. Qe1 Rb3 31. Bc3 Qd8 32. Bd2 Nd4 33. Bd1 Rb1 34. Bc3
Nc6 35. Qd2 d4 0-1

[Event "IV Torneo Hotel Petra"]
[Site "Roma ITA"]
[Date "2005.09.07"]
[Round "4"]
[White "Vazquez Igarza, Renier"]
[Black "Corvi, Marco"]
[Result "1/2-1/2"]
[WhiteElo "2496"]
[BlackElo "2317"]
[PlyCount "150"]
[EventDate "2005.09.03"]

1. e4 Nf6 2. e5 Nd5 3. d4 d6 4. Nf3 Bg4 5. Be2 e6 6. h3 Bh5 7. c4 Nb6 8. exd6
cxd6 9. Nc3 Be7 10. d5 e5 11. g4 Bg6 12. h4 h6 13. Bd3 Qc8 14. Bxg6 fxg6 15.
Nd2 O-O 16. b3 Rf4 17. g5 Qf5 18. Qe2 Na6 19. Nde4 Rf3 20. Be3 h5 21. O-O-O Nd7
22. a3 Ndc5 23. Qc2 Rc8 24. Kb1 Nxe4 25. Nxe4 b5 26. Nd2 Qxc2+ 27. Kxc2 Rff8
28. Kd3 bxc4+ 29. bxc4 Nc5+ 30. Ke2 Bd8 31. Rb1 Bb6 32. Rb4 Ba5 33. Rhb1 Bxb4
34. axb4 Na4 35. Ra1 Nb6 36. Kd3 Rf7 37. Ra6 Rb7 38. f4 e4+ 39. Nxe4 Nxc4 40.
Rc6 Nb2+ 41. Kc2 Rd8 42. Nxd6 Re7 43. Bd4 Na4 44. Kd3 Nb6 45. Bxb6 axb6 46. Nc8
Rb7 47. Kc4 Rf7 48. Nxb6 Rxf4+ 49. Kc5 Rxh4 50. d6 Rf4 51. d7 h4 52. Kd6 h3 53.
Rc8 Rd4+ 54. Nd5 Rxd5+ 55. Kxd5 h2 56. Rxd8+ Kh7 57. Rh8+ Kxh8 58. d8=Q+ Kh7
59. Kc6 h1=Q+ 60. Qd5 Qh3 61. Kb7 Qf5 62. Qh1+ Kg8 63. Qc6 Qf7+ 64. Kb6 Kh7 65.
b5 Qf2+ 66. Qc5 Qh2 67. Kb7 Qh1+ 68. Qc6 Qb1 69. b6 Qg1 70. Qb5 Qg2+ 71. Ka7
Qa2+ 72. Qa6 Qf7+ 73. b7 Qd7 74. Qa1 Qd5 75. b8=Q Qa5+ 1/2-1/2

[Event "IV Torneo Hotel Petra"]
[Site "Roma ITA"]
[Date "2005.09.08"]
[Round "5"]
[White "Corvi, Marco"]
[Black "Miladinovic, Igor"]
[Result "0-1"]
[WhiteElo "2317"]
[BlackElo "2609"]
[PlyCount "78"]
[EventDate "2005.09.03"]

1. c4 e6 2. Nc3 d5 3. cxd5 exd5 4. d4 c6 5. Nf3 Bf5 6. g3 Nf6 7. Bg2 h6 8. O-O
Nbd7 9. b3 Bd6 10. Bb2 O-O 11. Rc1 Re8 12. Nh4 Bh7 13. Bh3 Ne4 14. Nxe4 Bxe4
15. Nf5 Nf6 16. Nxd6 Qxd6 17. Qd2 a5 18. a4 Bg6 19. Bg2 Ne4 20. Bxe4 Rxe4 21.
f3 Re6 22. e3 Rae8 23. Rce1 b6 24. Qc3 Bf5 25. e4 dxe4 26. d5 Rg6 27. fxe4 Bxe4
28. dxc6 Bxc6 29. Rxe8+ Bxe8 30. Qe5 Qd8 31. Qd4 Qc8 32. Rc1 Qa8 33. Re1 Bc6
34. Rd1 Kh7 35. Rd2 Qc8 36. Rc2 Qe6 37. Qe5 Qg4 38. Qe2 Qf5 39. Rc4 Qd5 0-1

[Event "IV Torneo Hotel Petra"]
[Site "Roma ITA"]
[Date "2005.09.08"]
[Round "5"]
[White "Farago, Ivan"]
[Black "Piscopo, Pierluigi"]
[Result "1-0"]
[WhiteElo "2499"]
[BlackElo "2389"]
[PlyCount "143"]
[EventDate "2005.09.03"]

1. d4 Nf6 2. c4 c5 3. d5 e6 4. Nc3 exd5 5. cxd5 d6 6. Nf3 g6 7. Nd2 Bg7 8. e4
O-O 9. Be2 Na6 10. O-O Nc7 11. a4 Nfe8 12. Re1 b6 13. Kh1 Bb7 14. Bc4 a6 15.
Nf3 Nf6 16. Bf4 Re8 17. Qb3 Rb8 18. e5 dxe5 19. Bxe5 b5 20. axb5 axb5 21. d6
bxc4 22. dxc7 cxb3 23. cxb8=Q Qxb8 24. Bxb8 Rxb8 25. Ne5 Nd5 26. Nxd5 Bxd5 27.
Nd7 Rd8 28. Nxc5 Bxb2 29. Rab1 Bd4 30. Nxb3 Bxb3 31. Rxb3 Bxf2 32. Rf1 Rd7 33.
Rfb1 h5 34. Rb7 Rxb7 35. Rxb7 h4 36. Rb2 Be3 37. Re2 Bb6 38. Re4 g5 39. g4 hxg3
40. hxg3 Kg7 41. g4 Bc7 42. Kg2 Bd6 43. Ra4 Bf4 44. Kf3 Be5 45. Ke4 Bc3 46. Ra6
Bb2 47. Rc6 Bf6 48. Kf5 Be7 49. Rc8 Bf6 50. Re8 Bb2 51. Kxg5 Bc3 52. Kf5 Bb2
53. Rb8 Bc3 54. Rb5 Bd4 55. Ke4 Bc3 56. Kd5 Kg6 57. Kd6 Bf6 58. Rf5 Bh4 59. Kd7
Bg5 60. Ke8 f6 61. Ke7 Kg7 62. Ke6 Kg6 63. Ra5 Bh4 64. Rh5 Bg5 65. Rh8 Kg7 66.
Rd8 Kg6 67. Rg8+ Kh7 68. Kf7 Bh4 69. Rb8 Kh6 70. Rb5 Bg5 71. Rf5 Kh7 72. Rf1
1-0

[Event "IV Torneo Hotel Petra"]
[Site "Roma ITA"]
[Date "2005.09.08"]
[Round "5"]
[White "Mazzilli, Piero"]
[Black "Martorelli, Antonio"]
[Result "1-0"]
[WhiteElo "2341"]
[BlackElo "2277"]
[PlyCount "45"]
[EventDate "2005.09.03"]

1. e4 c5 2. Nf3 e6 3. c3 Nf6 4. e5 Nd5 5. d4 cxd4 6. cxd4 d6 7. a3 Nd7 8. Bd3
N7b6 9. O-O Bd7 10. Nbd2 Nf4 11. Bc2 Bb5 12. Re1 Bd3 13. Bb3 dxe5 14. Nxe5 Bf5
15. Ndc4 Nfd5 16. Nxb6 axb6 17. Ba4+ Ke7 18. Bb3 f6 19. Qf3 fxe5 20. Rxe5 Nf6
21. Qxf5 Qxd4 22. Qxe6+ Kd8 23. Be3 1-0

[Event "IV Torneo Hotel Petra"]
[Site "Roma ITA"]
[Date "2005.09.08"]
[Round "5"]
[White "Ramondino, Renzo"]
[Black "Sibilio, Mario"]
[Result "0-1"]
[WhiteElo "2274"]
[BlackElo "2380"]
[PlyCount "64"]
[EventDate "2005.09.03"]

1. e4 c5 2. Nf3 Nc6 3. d4 cxd4 4. Nxd4 Qb6 5. Nb3 Nf6 6. Nc3 e6 7. Bd3 Be7 8.
O-O a6 9. Qe2 d6 10. a4 Qc7 11. a5 O-O 12. f4 b5 13. axb6 Qxb6+ 14. Be3 Qb7 15.
g4 Nd7 16. g5 Nb4 17. Nd4 Re8 18. Rf3 g6 19. Qf2 Bf8 20. Rh3 Bg7 21. Rf1 Rb8
22. Bc4 d5 23. Bb3 e5 24. Nf5 gxf5 25. Qh4 Nf8 26. Bc5 dxe4 27. Bxb4 Qxb4 28.
Nd5 Qc5+ 29. Rf2 Rxb3 30. Nf6+ Bxf6 31. gxf6 Rxh3 32. Qxh3 Ng6 0-1

[Event "IV Torneo Hotel Petra"]
[Site "Roma ITA"]
[Date "2005.09.09"]
[Round "6"]
[White "Martorelli, Antonio"]
[Black "Sibilio, Mario"]
[Result "1/2-1/2"]
[WhiteElo "2277"]
[BlackElo "2380"]
[PlyCount "87"]
[EventDate "2005.09.03"]

1. e4 d6 2. d4 Nf6 3. Nc3 g6 4. Bc4 Nc6 5. Nf3 Bg7 6. h3 O-O 7. Be3 e6 8. Qd2
d5 9. Bd3 e5 10. exd5 Nxd5 11. Bg5 exd4 12. Bxd8 dxc3 13. bxc3 Bxc3 14. Qxc3
Nxc3 15. Bxc7 Re8+ 16. Kd2 Nd5 17. Bd6 Bf5 18. Bxf5 gxf5 19. Rhe1 Red8 20. Ba3
Rac8 21. Kc1 Nc3 22. Bb2 Ne4 23. a3 Na5 24. Kb1 Rd5 25. Nd4 Nc4 26. Nb3 a5 27.
a4 f6 28. Ka2 b5 29. Rad1 Rxd1 30. Rxd1 bxa4 31. Nc1 Rb8 32. Bd4 Rd8 33. Ne2
Nxf2 34. Rf1 Ne4 35. Rxf5 Kf7 36. Rh5 Kg8 37. Rh4 Ncd6 38. Rg4+ Kf7 39. Rh4 Rc8
40. c3 Kg8 41. Rg4+ Kf7 42. Rh4 Kg6 43. Rg4+ Kf7 44. Rh4 1/2-1/2

[Event "IV Torneo Hotel Petra"]
[Site "Roma ITA"]
[Date "2005.09.09"]
[Round "6"]
[White "Mazzilli, Piero"]
[Black "Farago, Ivan"]
[Result "0-1"]
[WhiteElo "2341"]
[BlackElo "2499"]
[PlyCount "56"]
[EventDate "2005.09.03"]

1. e4 e6 2. d4 d5 3. Nc3 Bb4 4. e5 c5 5. a3 Bxc3+ 6. bxc3 Ne7 7. Qg4 O-O 8. Bd3
f5 9. exf6 Rxf6 10. Bg5 Rf7 11. Qh5 g6 12. Qd1 Qa5 13. Qd2 Nbc6 14. Nf3 c4 15.
Be2 Nf5 16. Bf4 Nfxd4 17. cxd4 Rxf4 18. c3 Rf6 19. h4 Bd7 20. h5 Raf8 21. Ne5
Nxe5 22. dxe5 R6f7 23. Rh3 gxh5 24. Bxh5 Rg7 25. Qh6 Qb6 26. Rf3 Qb2 27. Rc1
Qxa3 28. g4 Qe7 0-1

[Event "IV Torneo Hotel Petra"]
[Site "Roma ITA"]
[Date "2005.09.09"]
[Round "6"]
[White "Miladinovic, Igor"]
[Black "Romanishin, Oleg M."]
[Result "0-1"]
[WhiteElo "2609"]
[BlackElo "2570"]
[PlyCount "50"]
[EventDate "2005.09.03"]

1. d4 Nf6 2. Bg5 d5 3. Nc3 c6 4. Qd2 Nbd7 5. f3 h6 6. Bf4 Nh5 7. Be3 e5 8. g4
Nhf6 9. O-O-O Nb6 10. b3 Nc4 11. bxc4 Ba3+ 12. Kb1 Qb6+ 13. Nb5 dxc4 14. Ka1
Qxb5 15. Rb1 Qa4 16. Bf2 c3 17. Qxc3 Be6 18. d5 Nxd5 19. Qb3 Qa5 20. c4 Bb4 21.
Rc1 Nb6 22. e3 O-O-O 23. Be2 Na4 24. a3 Bc3+ 25. Kb1 b5 0-1

[Event "IV Torneo Hotel Petra"]
[Site "Roma ITA"]
[Date "2005.09.09"]
[Round "6"]
[White "Piscopo, Pierluigi"]
[Black "Corvi, Marco"]
[Result "1-0"]
[WhiteElo "2389"]
[BlackElo "2317"]
[PlyCount "57"]
[EventDate "2005.09.03"]

1. e4 Nf6 2. e5 Nd5 3. d4 d6 4. c4 Nb6 5. f4 dxe5 6. fxe5 c5 7. d5 e6 8. Nc3
exd5 9. cxd5 c4 10. d6 Nc6 11. Nb5 Qh4+ 12. g3 Qe4+ 13. Qe2 Qxh1 14. Bg5 Be6
15. d7+ Kxd7 16. O-O-O+ Nd5 17. Bg2 Qxh2 18. Rxd5+ Bxd5 19. Bh3+ Qxh3 20. Nxh3
Nb4 21. Nf4 h6 22. Nxd5 Nd3+ 23. Kd2 Kc6 24. Qe4 hxg5 25. Qxc4+ Nc5 26. Nbc7
Rh2+ 27. Kc3 a6 28. Nxa8 b5 29. Nb4+ 1-0

[Event "IV Torneo Hotel Petra"]
[Site "Roma ITA"]
[Date "2005.09.09"]
[Round "6"]
[White "Vazquez Igarza, Renier"]
[Black "Ramondino, Renzo"]
[Result "1-0"]
[WhiteElo "2496"]
[BlackElo "2274"]
[PlyCount "49"]
[EventDate "2005.09.03"]

1. e4 c5 2. Nf3 d6 3. d4 cxd4 4. Nxd4 Nf6 5. Nc3 g6 6. Be3 Bg7 7. f3 O-O 8. Qd2
Nc6 9. O-O-O Bd7 10. h4 Rc8 11. h5 Nxh5 12. g4 Ng3 13. Rh2 Nxf1 14. Rxf1 Ne5
15. Qe1 e6 16. Rfh1 Nc4 17. Rxh7 Nxe3 18. Qxe3 Qf6 19. Nde2 Rc5 20. f4 g5 21.
e5 Qg6 22. Ne4 Rc4 23. Qh3 Bxe5 24. fxe5 Rxe4 25. Rh6 1-0

[Event "IV Torneo Hotel Petra"]
[Site "Roma ITA"]
[Date "2005.09.10"]
[Round "7"]
[White "Corvi, Marco"]
[Black "Mazzilli, Piero"]
[Result "1-0"]
[WhiteElo "2317"]
[BlackElo "2341"]
[PlyCount "87"]
[EventDate "2005.09.03"]

1. c4 e6 2. Nf3 d5 3. b3 c5 4. Bb2 Nc6 5. e3 d4 6. exd4 cxd4 7. d3 e5 8. Be2
Bd6 9. O-O Nf6 10. Na3 O-O 11. Nc2 a5 12. Qd2 Nd7 13. Na3 a4 14. bxa4 Rxa4 15.
Nb5 Bc5 16. Ng5 Bb4 17. Qc2 Ra6 18. Ne4 f5 19. Ned6 Bxd6 20. Nxd6 Nb4 21. Qb3
Nxd3 22. c5+ Kh8 23. Nxc8 N7xc5 24. Qc2 e4 25. f3 Qxc8 26. fxe4 fxe4 27. Bxd4
Rc6 28. Rxf8+ Qxf8 29. Rf1 Qd6 30. Kh1 Ne6 31. Qa4 h6 32. Ba1 Ndc5 33. Qa8+ Kh7
34. Bg4 Nd4 35. Rf8 Rc7 36. Bh5 Qxf8 37. Qxf8 Nce6 38. Qf1 e3 39. Bxd4 Nxd4 40.
Qd3+ Kg8 41. Qxd4 Rc1+ 42. Bd1 e2 43. Qd5+ Kf8 44. Qf3+ 1-0

[Event "IV Torneo Hotel Petra"]
[Site "Roma ITA"]
[Date "2005.09.10"]
[Round "7"]
[White "Farago, Ivan"]
[Black "Martorelli, Antonio"]
[Result "1-0"]
[WhiteElo "2499"]
[BlackElo "2277"]
[PlyCount "113"]
[EventDate "2005.09.03"]

1. d4 Nf6 2. c4 g6 3. Nc3 Bg7 4. e4 d6 5. Be2 O-O 6. Nf3 Na6 7. O-O e5 8. Re1
c6 9. Bf1 Bg4 10. d5 c5 11. h3 Bd7 12. Bg5 h6 13. Be3 Nh5 14. Qd2 f5 15. Bxh6
f4 16. Bxg7 Kxg7 17. Be2 Nc7 18. a3 Rh8 19. b4 b6 20. bxc5 bxc5 21. Rab1 Bc8
22. Rb3 g5 23. Nh2 Nf6 24. Qd3 Qg8 25. Reb1 Kg6 26. Kf1 Rh4 27. Rb8 Rxb8 28.
Rxb8 Nd7 29. Rb3 Nf6 30. Ke1 Qh8 31. Nb1 Nce8 32. Nd2 g4 33. Nxg4 Nxg4 34. hxg4
Nf6 35. Rb8 Qd8 36. f3 Qc7 37. Rb2 Rh2 38. Bf1 Qa5 39. Rb5 Qc7 40. Qc3 Qh7 41.
Rb8 Qh4+ 42. Kd1 Bd7 43. Ke2 Qg3 44. Qa5 Nxg4 45. Rg8+ Kf7 46. Rxg4 Bxg4 47.
Qc7+ Ke8 48. Qxd6 Bd7 49. Qxe5+ Kf7 50. Qc7 Ke8 51. e5 Bf5 52. Qb8+ Ke7 53.
Qxa7+ Ke8 54. Qb8+ Kf7 55. e6+ Kg7 56. Qe5+ Kg6 57. e7 1-0

[Event "IV Torneo Hotel Petra"]
[Site "Roma ITA"]
[Date "2005.09.10"]
[Round "7"]
[White "Ramondino, Renzo"]
[Black "Miladinovic, Igor"]
[Result "0-1"]
[WhiteElo "2274"]
[BlackElo "2609"]
[PlyCount "60"]
[EventDate "2005.09.03"]

1. e4 c5 2. Nf3 Nc6 3. d4 cxd4 4. Nxd4 Qc7 5. Nb5 Qb8 6. Bd3 e6 7. Be3 a6 8.
N5c3 b5 9. f4 Bb7 10. O-O Qc7 11. a3 Na5 12. Nd2 Nf6 13. Qe2 h5 14. h3 Rc8 15.
e5 Nd5 16. Nxd5 Bxd5 17. Ne4 Nc4 18. Bc1 Bxe4 19. Qxe4 g6 20. Kh1 Nb6 21. Bd2
Na4 22. b4 Be7 23. c4 bxc4 24. Rfc1 Nb6 25. Qd4 O-O 26. Be3 d5 27. exd6 Qxd6
28. Qxd6 Bxd6 29. Bxb6 cxd3 30. g3 h4 0-1

[Event "IV Torneo Hotel Petra"]
[Site "Roma ITA"]
[Date "2005.09.10"]
[Round "7"]
[White "Sibilio, Mario"]
[Black "Vazquez Igarza, Renier"]
[Result "1/2-1/2"]
[WhiteElo "2380"]
[BlackElo "2496"]
[PlyCount "80"]
[EventDate "2005.09.03"]

1. e4 c5 2. Nf3 d6 3. b3 Nf6 4. e5 dxe5 5. Nxe5 Qd4 6. Bb5+ Nbd7 7. Nc4 a6 8.
Bxd7+ Bxd7 9. Bb2 Qe4+ 10. Ne3 e6 11. Qe2 b5 12. a4 Qb7 13. Nc3 Rb8 14. O-O Be7
15. f4 O-O 16. axb5 axb5 17. Nf5 exf5 18. Qxe7 Qc6 19. b4 cxb4 20. Qxb4 Qb6+
21. Kh1 Bc6 22. Nd1 Qb7 23. Ne3 Rfe8 24. Rfe1 Nh5 25. Kg1 Re4 26. Qc5 Nxf4 27.
d3 Ne6 28. Qxf5 Rf4 29. Qe5 Re8 30. Rf1 f6 31. Qd6 Qb6 32. Rxf4 Nxf4 33. Qxf4
Qxe3+ 34. Qxe3 Rxe3 35. Kf2 Re7 36. Bd4 Rc7 37. Ra7 Rc8 38. Bb6 Re8 39. Rc7 Re6
40. Bc5 h5 1/2-1/2

[Event "IV Torneo Hotel Petra"]
[Site "Roma ITA"]
[Date "2005.09.10"]
[Round "8"]
[White "Farago, Ivan"]
[Black "Corvi, Marco"]
[Result "1-0"]
[WhiteElo "2499"]
[BlackElo "2317"]
[PlyCount "113"]
[EventDate "2005.09.03"]

1. d4 f5 2. g3 Nf6 3. Bg2 e6 4. Nf3 Be7 5. c4 O-O 6. O-O d6 7. Nc3 Qe8 8. Qc2
Qg6 9. b3 a5 10. Bb2 Na6 11. a3 c6 12. Rae1 Bd7 13. Na4 b5 14. cxb5 cxb5 15.
Nh4 Qe8 16. Bxa8 Qxa8 17. Nb6 Qc6 18. Qxc6 Bxc6 19. Rc1 Bb7 20. a4 bxa4 21.
bxa4 Rb8 22. Nc4 g5 23. Ng2 Bxg2 24. Kxg2 d5 25. Ba3 dxc4 26. Bxe7 Nd5 27. Bxg5
c3 28. f3 Rb2 29. Rf2 Nab4 30. e4 Nd3 31. exd5 Nxf2 32. Kf1 Nh3 33. Bh6 exd5
34. Rxc3 Rf2+ 35. Ke1 Rxh2 36. Rc6 Kf7 37. Be3 Rg2 38. Rd6 Rxg3 39. Rxd5 f4 40.
Bxf4 Rg1+ 41. Kd2 Nxf4 42. Rf5+ Ke6 43. Rxf4 Kd5 44. Ke3 Re1+ 45. Kf2 Rd1 46.
Rf5+ Ke6 47. Re5+ Kd6 48. Ke3 Re1+ 49. Kf4 Rd1 50. Ke4 Re1+ 51. Kf5 Rd1 52.
Rxa5 Rxd4 53. Ra6+ Ke7 54. Ra7+ Kf8 55. a5 h5 56. a6 h4 57. Rb7 1-0

[Event "IV Torneo Hotel Petra"]
[Site "Roma ITA"]
[Date "2005.09.10"]
[Round "8"]
[White "Martorelli, Antonio"]
[Black "Vazquez Igarza, Renier"]
[Result "0-1"]
[WhiteElo "2277"]
[BlackElo "2496"]
[PlyCount "54"]
[EventDate "2005.09.03"]

1. e4 c5 2. Nf3 d6 3. d4 cxd4 4. Qxd4 Nc6 5. Bb5 Bd7 6. Bxc6 Bxc6 7. Nc3 Nf6 8.
Bg5 e6 9. O-O-O Be7 10. Rhe1 O-O 11. Kb1 Qa5 12. Qd2 Qc7 13. Nd4 Rfd8 14. f4 h6
15. h4 Rac8 16. Qe2 Be8 17. g4 Qb6 18. Ka1 Qb4 19. f5 Rxc3 20. bxc3 Qxc3+ 21.
Kb1 hxg5 22. hxg5 d5 23. Rd3 Qb4+ 24. Nb3 Nxe4 25. f6 gxf6 26. Kb2 fxg5 27. Rf3
Bf8 0-1

[Event "IV Torneo Hotel Petra"]
[Site "Roma ITA"]
[Date "2005.09.10"]
[Round "8"]
[White "Mazzilli, Piero"]
[Black "Romanishin, Oleg M."]
[Result "0-1"]
[WhiteElo "2341"]
[BlackElo "2570"]
[PlyCount "80"]
[EventDate "2005.09.03"]

1. c4 e5 2. Nc3 Nf6 3. g3 d5 4. cxd5 Nxd5 5. Bg2 Nb6 6. Nf3 Nc6 7. O-O Be7 8.
d3 O-O 9. Be3 Be6 10. Qc1 Nd5 11. Rd1 f5 12. d4 e4 13. Ng5 Bxg5 14. Bxg5 Qd7
15. Na4 b6 16. b3 h6 17. Be3 Rad8 18. Bf4 g5 19. Be5 Nxe5 20. dxe5 Qg7 21. Qb2
Rfe8 22. e3 Bf7 23. g4 fxg4 24. Rd4 Qxe5 25. Rxe4 Qxb2 26. Rxe8+ Bxe8 27. Nxb2
Nc3 28. a3 a5 29. Bf1 Rd2 30. Nc4 Ne2+ 31. Bxe2 Rxe2 32. Rd1 Rc2 33. Ne5 h5 34.
b4 a4 35. Rd8 Kf8 36. b5 Ke7 37. Rd5 Rc5 38. Rxc5 bxc5 39. Nc4 Bxb5 40. Nd2 Bd3
0-1

[Event "IV Torneo Hotel Petra"]
[Site "Roma ITA"]
[Date "2005.09.10"]
[Round "8"]
[White "Miladinovic, Igor"]
[Black "Sibilio, Mario"]
[Result "1-0"]
[WhiteElo "2609"]
[BlackElo "2380"]
[PlyCount "113"]
[EventDate "2005.09.03"]

1. d4 c5 2. d5 g6 3. e4 Bg7 4. Nc3 d6 5. Bb5+ Nd7 6. a4 Ngf6 7. Nf3 O-O 8. O-O
a6 9. Be2 Qc7 10. Nd2 e5 11. dxe6 fxe6 12. Nc4 Ne8 13. Be3 Rb8 14. Na3 Ne5 15.
f4 Nc6 16. f5 Nd4 17. fxe6 Rxf1+ 18. Bxf1 Bxe6 19. Bc4 Qf7 20. Nd5 Nf6 21.
Nxf6+ Bxf6 22. Qd3 Bxc4 23. Nxc4 d5 24. exd5 Qxd5 25. a5 Re8 26. Rd1 Re4 27. c3
Rg4 28. Qf1 Qf3 29. cxd4 Rxg2+ 30. Qxg2 Qxd1+ 31. Qf1 Qg4+ 32. Qg2 Qd1+ 33. Qf1
Qg4+ 34. Kh1 Qe4+ 35. Qg2 Qb1+ 36. Bg1 Bxd4 37. Nd2 Qxb2 38. Qd5+ Kf8 39. Nf3
Bxg1 40. Kxg1 Qa1+ 41. Kg2 Qb2+ 42. Kg3 Qb4 43. Qd8+ Kg7 44. Qe7+ Kg8 45. Qe6+
Kg7 46. Qe5+ Kg8 47. Ng5 Qb3+ 48. Kf4 Qc4+ 49. Ne4 Qc1+ 50. Kg4 Qg1+ 51. Kh4
Qe1+ 52. Kg5 Qg1+ 53. Kf6 Qf1+ 54. Ke6 Qf7+ 55. Kd6 c4 56. Nf6+ Kf8 57. Nd5 1-0